Responses for Show #2749 - Thursday, July 11, 1996

Missing prizes.

Contestants

[<< previous game]

Donna Beckage, an administrative assistant from Los Angeles, California

Jack Call, a college instructor from Whittier, California

Stephen Lewis, a hotel owner from Calico Rock, Arkansas (whose 1-day cash winnings total $14,500)

[next game >>]

Jeopardy! Round responses

PENNSYLVANIA
-OLOGIES
BUSINESS & INDUSTRY
WOMEN
NAUTICAL TERMS
NAME THE DECADE
    $100 1
(Alex: Lancaster was the other.)

Philadelphia

Stephen
    $100 6
mythology

Jack
    $100 16
AT&T

Stephen
    $100 11
(Stephen: What is Mount Fuji?)

Mount Everest

StephenDonna
    $100 26
crow's nest

Jack
    $100 18
the 1990s

Stephen
    $200 2
(Stephen: Who were the Quakers?)

Pennsylvania Dutch

StephenDonna
    $200 7
astrology

Jack
    $200 17
Minnesota

Jack
    $200 12
Rose Kennedy

Stephen
    $200 27
supertanker

Jack
    $200 20
the 1940s

Jack
    $300 3
Johnstown

Stephen
    $300 8
Egyptology

Jack
    $300 19
Kelly

Jack
    $300 13
(Stephen: What is in space?)
(Alex: Be more specific...)
(Stephen: In....[time]?)

the Mir space station

Stephen
Triple Stumper
    $300 28
it's name

Stephen
    $300 21
the 1910s

Stephen
    $400 4
Jim Thorpe

Stephen
    $400 9
parapsychology

Jack
    $400 24
Polaroid

Jack
    $400 14
Selena

Stephen
    $400 29
semaphore

Stephen
    $400 22
the 1890s

Stephen
    $500 5
the Nittany Mountains

Stephen
    $500 10
ichthyology

Donna
    $500 25
Kimberly-Clark

Jack
    $700 15
Dee Dee Myers

Stephen
    $500 30
ensign

Stephen
    $500 23
the 1660s

Donna

Scores at the first commercial break (after clue 15):

Stephen Jack Donna
$2,000 $1,000 $800

Scores at the end of the Jeopardy! Round:

Stephen Jack Donna
$4,100 $2,900 $1,300

Double Jeopardy! Round responses

BARITONES
THE 9th CENTURY
PHOTOGRAPHERS
FAMOUS ITALIANS
BAYS & GULFS
BOOKS & AUTHORS
    $200 2
Nelson Eddy

Jack
    $200 14
alphabets

Donna
    $200 26
Richard Avedon

Stephen
    $200 1
Pope John Paul I

Stephen
    $200 3
Gulf of Mexico

Jack
    $200 20
Alex Haley

Jack
    $400 5
Mozart

Stephen
    $400 16
St. Peter's Basilica

Stephen
    $400 27
Mount Blanc

Donna
    $400 8
La Scala

Stephen
    $400 4
Bay of Bengal

Stephen
    $400 21
Leon Uris

Stephen
    $600 6
Schubert

Jack
    $600 17
Morocco

Stephen
    $2,000 28
Louis Daguerre

Donna
    $600 11
Mario Andretti

Stephen
    $600 7
Bay of Fundy

Donna
    $600 23
Robert James Waller

Stephen
    $800 12
Ingmar Bergman

Stephen
    $800 18
the Magyars

Donna
    $800 29
Margaret Bourke-White

Triple Stumper
    $800 15
Sophia Loren

Stephen
    $800 9
Bay of Biscay

Jack
    $800 24
(Alex: Minute to go.)

Christine

Stephen
    $1,100 13
Paul Robeson

Stephen
    $1000 22
Alfred the Great

Stephen
    $1000 30
Eadweard Muybridge

Triple Stumper
    $1000 19
Giorgio Armani

Triple Stumper
    $1000 10
the Vistula

Donna
    $1000 25
Dean R. Koontz

Stephen

Scores at the end of the Double Jeopardy! Round:

Stephen Jack Donna
$13,800 $4,900 $6,300
(lock game)

[wagering suggestions for these scores]

Final Jeopardy! Round responses

NATURE
JackWhat are BIRDS?
$3,000
DonnaWhat are Monarch butterflies?
$3,501
StephenWhat are monarch butterflies?
$1,000
monarch butterflies

Final scores:

Stephen Jack Donna
$14,800 $1,900 $9,801
2-day champion: $29,300 3rd place 2nd place

Game dynamics:

Coryat scores:

Stephen Jack Donna
$13,500 $4,900 $4,900
30 R
(including 2 DDs),
3 W
16 R,
0 W
10 R
(including 1 DD),
0 W

Combined Coryat: $23,300

[game clues] [game scores] [suggest correction]

Game tape date: Unknown
The J! Archive is created by fans, for fans. Scraping, republication, monetization, and malicious use prohibited; this site may use cookies and collect identifying information. See terms. The Jeopardy! game show and all elements thereof, including but not limited to copyright and trademark thereto, are the property of Jeopardy Productions, Inc. and are protected under law. This website is not affiliated with, sponsored by, or operated by Jeopardy Productions, Inc. Join the discussion at JBoard.tv.